Jonas Brothers - Only Human (All lyrics) - Statistics

General Stats
  • This quiz has been taken 48 times
  • The average score is 259 of 339
Answer Stats
% Correct
I
100%
a
97%
human
95%
on
95%
You
95%
you
95%
dance
92%
Dance
92%
it
92%
only
92%
Only
92%
the
92%
when
92%
do
89%
don't
89%
in
89%
It's
89%
it's
89%
living
89%
me
89%
room
89%
to
89%
so
87%
So
87%
an
84%
I'm
84%
with
84%
and
82%
end
82%
leaving
82%
way
82%
Way
82%
We
82%
feel?
79%
feel
79%
Hurts
79%
hurts
79%
know
79%
my
79%
oh
79%
Oh
79%
that
79%
time
79%
want
79%
where
79%
your
79%
again
76%
got
76%
Just
76%
just
76%
night
76%
real
76%
this
76%
Yeah
76%
yeah
76%
all
74%
closing
74%
move
74%
why
74%
come
71%
deny
71%
gon'
71%
leave
71%
love
71%
stop
71%
try
71%
happiness
68%
plans
68%
pretending
68%
begins
66%
find
66%
shy
66%
attitude
63%
body's
63%
Drunk
63%
drunk
63%
Let's
63%
place
63%
you're
63%
fool
61%
spend
61%
blinds
58%
can't
58%
close
58%
morning
58%
one
58%
other
58%
would
58%
fight
55%
slave
55%
Early
53%
mind
53%
up
53%
getting
50%
more
50%
or
50%
80s
47%
groove
47%
hey
47%
light
47%
right
47%
'Cause
45%
change
45%
la
45%
babe
42%
ay
39%
now
39%
praying
37%
Woo
32%
woo
32%
ayy
26%
man
26%
jump
24%
No matching quizzes found
Score Distribution
Percent of People with Each Score
Percentile by Number Answered
Your Score History
You have not taken this quiz